=LDR 00000nam 2200000 4500 =001 INLIS000000000061758 =005 20221108013423 =035 ##$$a 0010-1122000139 =007 ta =008 221108###########################0###### =082 ##$$a 352.959 865 11 =084 ##$$a 352.959 865 11 KOT b =245 1#$$a Buletin kegiatan Pimpinan Daerah Edisi II (April-Juni 2021) =260 ##$$a Mataram :$b Bagian Protokol dan Komunikasi Pimpinan Setda Kota Mataram,$c 2021 =300 ##$$a 36 halaman : $b Ilustrasi ; $c 18 cm =650 #4$$a Pemerintah Daerah - Kota Mataram - Dalam Gambar =110 ##$$a Kota Mataram. Sekertariat Daerah =990 ##$$a 27832783 =990 ##$$a 476/51/2022